| 000 | 00552nam a2200193Ia 4500 | ||
|---|---|---|---|
| 005 | 20250508164759.0 | ||
| 008 | 008 250505s9999 xx 000 0 eng d | ||
| 037 | _aTextBook | ||
| 040 |
_aFEDL _beng _cFEDL |
||
| 041 |
_aeng _2eng |
||
| 084 |
_a305.4, LEE/R _qFEDL |
||
| 100 |
_aLeena Chawla Rajan _9779150 |
||
| 245 | 0 | _aEmpower women : An awakening | |
| 260 |
_aPunjab, India _bRadha Soami Satsang Beas _c2010 |
||
| 300 | _a108p. | ||
| 546 | _aGifted by Dr. Pankaj Arora | ||
| 942 |
_cTB _h305.4, LEE/R |
||
| 999 |
_c1391116 _d1391116 |
||